000 00693nam a2200241Ia 4500
003 OSt
005 20221007063635.0
006 a|||||r|||| 00| 0
007 ta
008 221006b |||||||| |||| 00| 0 eng d
024 _a1,071
037 _cReference Collections
040 _aFLL
_cFLL
_beng
041 _2eng
_aeng
082 _aX:517:Z2, M0
100 _aSengupta N. K.
_9101656
245 0 _aMonopolies and restrictive trade practices act, 1969
260 _aCalcutta
_bEastern Law House India
_c1980
300 _a444p
_ccm.
650 _aLaw of Trade
_9681606
942 _hX:517:Z2, M0
_cREF
_2CC
999 _c1131742
_d1131742